[Event "79th UKR-ch Women 2019"]
[Site "Lutsk"]
[Date "2019.12.16"]
[Round "6"]
[White "Rakhmangulova, Anastasiya"]
[Black "Martynkova, Olena"]
[Result "1-0"]
[WhiteElo "2215"]
[BlackElo "2243"]
[Annotator "NA"]
[PlyCount "71"]
[EventDate "2019.??.??"]
[EventCountry "UKR"]
[SourceTitle "playchess.com"]
[Source "ChessBase"]
[SourceQuality "1"]
[TimeControl "40/5400+30:1800+30"]

1. e4 c5 2. Nf3 e6 3. c3 Nf6 4. e5 Nd5 5. d4 cxd4 6. cxd4 d6 7. Bc4 Nc6 8. O-O Be7 9. Qe2 O-O 10. Rd1 Na5 11. Bb5 a6 12. Bd3 Nb4 13. Nc3 Nxd3 14. Rxd3 d5 15. h4 b5 16. Ng5 h6 17. Nh3 Bxh4 18. Qh5 Kh7 19. g4 Be7 20. g5 Bd7 21. Rg3 Be8 22. gxh6 g6 23. Qg4 Nc6 24. Ng5+ Bxg5 25. Bxg5 f5 26. Qh4 Qb6 27. Ne2 f4 28. Rd3 Rf5 29. Rad1 Nd8 30. Bxf4 Nf7 31. Qe7 Qd8 32. Qf8 Rg5+ 33. Rg3 Rxg3+ 34. fxg3 Nxh6 35. Qxh6+ Kg8 36. Bg5 1-0

[Event "79th UKR-ch Women 2019"]
[Site "Lutsk"]
[Date "2019.12.16"]
[Round "6"]
[White "Tsirulnik, Maritsa"]
[Black "Zhukova, Natalia"]
[Result "1/2-1/2"]
[WhiteElo "2119"]
[BlackElo "2324"]
[Annotator "NA"]
[PlyCount "66"]
[EventDate "2019.??.??"]
[EventCountry "UKR"]
[SourceTitle "playchess.com"]
[Source "ChessBase"]
[SourceQuality "1"]
[TimeControl "40/5400+30:1800+30"]

1. d4 Nf6 2. c4 e6 3. Nf3 c5 4. Nc3 cxd4 5. Nxd4 Nc6 6. g3 Qb6 7. Nb3 $11 Ne5 8. e4 Bb4 9. Qe2 d6 10. f4 Nc6 11. Be3 Bxc3+ 12. bxc3 Qc7 13. Bg2 e5 14. c5 dxc5 15. Bxc5 exf4 16. O-O Bg4 17. Qf2 f3 18. Bxf3 Bxf3 19. Qxf3 O-O-O 20. Bd4 h5 21. Qf5+ Kb8 22. Rab1 Ka8 23. Bxf6 gxf6 24. Qxf6 Ne5 25. Rbd1 Ng4 26. Rxd8+ Rxd8 27. Qg5 Re8 28. Qc5 Qxc5+ 29. Nxc5 b6 30. Nd3 Rxe4 31. Nf2 Rc4 32. Nxg4 hxg4 33. Rxf7 Rxc3 1/2-1/2

[Event "79th UKR-ch Women 2019"]
[Site "Lutsk"]
[Date "2019.12.17"]
[Round "7"]
[White "Zhukova, Natalia"]
[Black "Doluhanova, Evgeniya"]
[Result "1-0"]
[WhiteElo "2324"]
[BlackElo "2293"]
[Annotator "NA"]
[PlyCount "71"]
[EventDate "2019.??.??"]
[EventCountry "UKR"]
[SourceTitle "playchess.com"]
[Source "ChessBase"]
[SourceQuality "1"]
[TimeControl "40/5400+30:1800+30"]

1. d4 Nf6 2. c4 e6 3. g3 d5 4. Bg2 dxc4 5. Nf3 c5 6. O-O Nc6 7. dxc5 Qxd1 8. Rxd1 Bxc5 9. Nbd2 c3 10. bxc3 Bd7 11. Nb3 Bb6 12. Nfd4 Nd8 (12... O-O $11) 13. a4 a6 $1 14. a5 Ba7 15. Ba3 $14 Rc8 16. Bd6 h5 17. h3 Nd5 18. Nf5 exf5 19. Bxd5 h4 20. c4 hxg3 21. Bxg3 Rxh3 22. Nd4 g5 23. e3 Bxd4 24. Rxd4 Ne6 25. Rd2 f4 26. Kg2 Nc5 27. exf4 gxf4 28. Re1+ Kf8 29. Bxf4 Nd3 30. Bd6+ Kg7 31. Re7 Bf5 32. Rxf7+ Kg6 33. Rxf5 Rch8 34. Be4 Ne1+ 35. Kf1 Rh1+ 36. Ke2 1-0

[Event "79th UKR-ch Women 2019"]
[Site "Lutsk"]
[Date "2019.12.17"]
[Round "7"]
[White "Berdnyk, Mariia"]
[Black "Tsirulnik, Maritsa"]
[Result "1-0"]
[WhiteElo "2319"]
[BlackElo "2119"]
[Annotator "NA"]
[PlyCount "59"]
[EventDate "2019.??.??"]
[EventCountry "UKR"]
[SourceTitle "playchess.com"]
[Source "ChessBase"]
[SourceQuality "1"]
[TimeControl "40/5400+30:1800+30"]

1. d4 Nf6 2. c4 e6 3. g3 c5 4. d5 exd5 5. cxd5 d6 6. Nc3 g6 7. Bg2 Bg7 8. Nf3 O-O 9. O-O Re8 10. Bf4 h6 11. h3 g5 12. Be3 Bf5 13. h4 g4 (13... Rxe3 $5 14. fxe3 Qe7 $14) 14. Nd2 Qd7 (14... Rxe3 $14 15. fxe3 Bg6) 15. a4 Na6 16. Nc4 Ne4 {[#]} 17. Nb5 (17. Bxe4 $1 $18 {has better winning chances.} Bxe4 18. Bf4) 17... Bf8 18. Bf4 Nb4 $16 19. f3 gxf3 20. exf3 Nf6 21. Nbxd6 Red8 22. Be5 Nfxd5 23. f4 Bc2 24. Qd2 Nb6 25. Qc3 Nxc4 26. Nxc4 Qg4 27. Ne3 Qxg3 28. Rf3 Qxh4 29. Nxc2 Nxc2 30. Rg3+ 1-0

[Event "79th UKR-ch Women 2019"]
[Site "Lutsk"]
[Date "2019.12.17"]
[Round "7"]
[White "Martynkova, Olena"]
[Black "Osmak, Iulija"]
[Result "1/2-1/2"]
[WhiteElo "2243"]
[BlackElo "2388"]
[Annotator "NA"]
[PlyCount "64"]
[EventDate "2019.??.??"]
[EventCountry "UKR"]
[SourceTitle "playchess.com"]
[Source "ChessBase"]
[SourceQuality "1"]
[TimeControl "40/5400+30:1800+30"]

1. d4 e6 2. g3 d5 3. Nf3 Nf6 4. Bg2 Nbd7 5. O-O b5 6. a4 b4 7. c4 bxc3 8. bxc3 Ba6 9. Nbd2 c5 10. Ba3 Rc8 11. Rc1 Be7 12. c4 O-O 13. cxd5 Nxd5 14. Ne4 $11 Qa5 15. Qe1 Qxa4 16. Bxc5 Nxc5 17. Nxc5 Bxc5 18. dxc5 Qb5 19. Nd4 Qb2 20. Qa5 Qxd4 21. Qxa6 Rxc5 22. Rxc5 Qxc5 23. Bxd5 exd5 24. Ra1 Qe7 25. e3 Rb8 26. Qxa7 Rb1+ 27. Kg2 Qe4+ 28. Kh3 Qf5+ 29. Kg2 Qe4+ 30. Kh3 Qf5+ 31. Kg2 Qe4+ 32. Kh3 Qf5+ 1/2-1/2

[Event "79th UKR-ch Women 2019"]
[Site "Lutsk"]
[Date "2019.12.17"]
[Round "7"]
[White "Dolzhykova, Kateryna"]
[Black "Babiy, Olga"]
[Result "1/2-1/2"]
[WhiteElo "2164"]
[BlackElo "2258"]
[Annotator "NA"]
[PlyCount "68"]
[EventDate "2019.??.??"]
[EventCountry "UKR"]
[SourceTitle "playchess.com"]
[Source "ChessBase"]
[SourceQuality "1"]
[TimeControl "40/5400+30:1800+30"]

1. e4 c5 2. Nf3 e6 3. g3 Nc6 4. Bg2 Nf6 5. Qe2 d6 6. O-O Be7 7. c3 e5 {C00: French: Unusual White 2nd moves} 8. Rd1 (8. Na3 O-O 9. Nc2 Re8 10. Rd1 Bf8 11. d3 b5 12. a4 b4 13. cxb4 cxb4 {0-1 (23) Vachier Lagrave,M (2795)-Grischuk,A (2750) chess.com INT 2017}) 8... Bg4 9. Na3 O-O 10. Nc2 $146 ({Predecessor:} 10. h3 Bh5 11. d3 Re8 12. Nc4 h6 {½-½ (58) Van Foreest,J (2455)-Handke,F (2546) Germany 2014}) 10... Re8 11. Ne3 Bh5 12. Nf5 Bf8 13. d3 d5 14. exd5 Nxd5 15. Qe4 Nf6 16. Qa4 Qd7 17. Ne3 Bxf3 18. Bxf3 Nd4 19. Qxd7 Nxf3+ 20. Kg2 Nh4+ 21. Kh3 Nxd7 22. Kxh4 Rad8 23. b3 Nf6 $15 24. Bb2 Rd7 25. Kh3 Red8 26. c4 Rxd3 27. Rxd3 Rxd3 28. Bxe5 Ne4 29. Kg2 Rd2 30. Kf3 Ng5+ 31. Kg2 Ne4 32. Kf3 Ng5+ 33. Kg2 Ne4 34. Kf3 Ng5+ {Ke4} 1/2-1/2

[Event "79th UKR-ch Women 2019"]
[Site "Lutsk"]
[Date "2019.12.17"]
[Round "7"]
[White "Hrebenshchykova, Yelyzaveta"]
[Black "Rakhmangulova, Anastasiya"]
[Result "1-0"]
[WhiteElo "2029"]
[BlackElo "2215"]
[Annotator "NA"]
[PlyCount "73"]
[EventDate "2019.??.??"]
[EventCountry "UKR"]
[SourceTitle "playchess.com"]
[Source "ChessBase"]
[SourceQuality "1"]
[TimeControl "40/5400+30:1800+30"]

1. e4 c6 2. Nc3 d5 3. Nf3 dxe4 4. Nxe4 Nf6 5. Qe2 Na6 6. d4 Qd5 7. Nxf6+ gxf6 8. h3 Bf5 9. c3 e6 10. g3 Be4 11. Bg2 f5 12. Bf4 Bg7 13. O-O h5 14. h4 $16 O-O-O 15. Rfd1 Nc7 16. b4 Qb5 17. c4 Qxb4 18. Ne5 Bxg2 19. Kxg2 Qe7 20. Rab1 Qe8 21. Qb2 b6 22. c5 b5 23. Nc4 Nd5 24. Nd6+ Rxd6 25. Bxd6 Rg8 26. a4 b4 27. a5 Bf8 28. Qe2 Bxd6 29. Qa6+ Kb8 30. cxd6 Qd7 31. Rdc1 Qxd6 32. Rxc6 Ne3+ 33. Kh3 Qxd4 34. Qb5+ Ka8 35. Rxb4 Qd7 36. fxe3 f4 37. Rc2 1-0

[Event "79th UKR-ch Women 2019"]
[Site "Lutsk"]
[Date "2019.12.18"]
[Round "8.1"]
[White "Tsirulnik, Maritsa"]
[Black "Doluhanova, Evgeniya"]
[Result "0-1"]
[WhiteElo "2119"]
[BlackElo "2293"]
[Annotator "NA"]
[PlyCount "78"]
[EventDate "2019.12.10"]
[EventType "tourn"]
[EventCountry "UKR"]
[SourceTitle "playchess.com"]
[Source "ChessBase"]
[SourceQuality "1"]
[TimeControl "40/5400+30:1800+30"]

1. d4 {[%emt 0:00:00]} Nf6 {[%emt 0:00:00]} 2. c4 {[%emt 0:00:00]} e6 {[%emt 0:00:00]} 3. g3 {[%emt 0:00:00]} d5 {[%emt 0:00:00]} 4. Bg2 {[%emt 0:00:00]} dxc4 {[%emt 0:00:03]} 5. Qa4+ {[%emt 0:00:00]} Bd7 {[%emt 0:00:23]} 6. Qxc4 {[%emt 0:00:05]} Qc8 {[%emt 0:00:31]} 7. Nc3 {[%emt 0:08:10]} c5 {[%emt 0:02:13]} 8. Nf3 {[%emt 0:23:43]} a6 {[%emt 0:09:43]} 9. dxc5 {[%emt 0:09:13]} b5 {[%emt 0:08:49]} 10. Qf4 {[%emt 0:05:25]} Bxc5 {[%emt 0:01:30]} 11. Ne5 {[%emt 0:02:57]} Ra7 {[%emt 0:00:23] [#]} 12. O-O {[%emt 0:08:07]} ({White should try} 12. Ne4 $1 $16 {[%cal Re4f6]} Bb4+ 13. Kf1) 12... O-O $1 {[%emt 0:01:27]} 13. Be3 {[%emt 0:01:44]} Rc7 {[%emt 0:04:06]} 14. Rfd1 {[%emt 0:04:39]} Bxe3 {[%emt 0:02:53]} 15. Qxe3 {[%emt 0:00:06]} b4 {[%emt 0:00:36]} 16. Nxd7 {[%emt 0:01:08]} Nbxd7 {[%emt 0:02:12]} 17. Na4 {[%emt 0:00:35]} Qb8 {[%emt 0:01:09]} 18. Rd4 $11 {[%emt 0:08:13]} Qb5 {[%emt 0:02:20]} 19. Qb3 {[%emt 0:04:17]} a5 {[%emt 0:01:38]} 20. e3 {[%emt 0:00:39]} Rfc8 {[%emt 0:01:32]} 21. Rad1 {[%emt 0:00:20]} g6 {[%emt 0:02:00]} 22. a3 {[%emt 0:06:19]} Rb8 {[%emt 0:15:47]} 23. Bf1 {[%emt 0:01:28]} Qf5 {[%emt 0:05:58]} 24. axb4 {[%emt 0:01:40]} e5 {[%emt 0:04:08]} 25. R4d2 {[%emt 0:03:29]} Rxb4 {[%emt 0:00:30]} 26. Qa2 {[%emt 0:01:09]} Nc5 {[%emt 0:04:34]} 27. Nxc5 {[%emt 0:01:14]} Rxc5 {[%emt 0:00:04]} 28. Bd3 {[%emt 0:01:39]} e4 {[%emt 0:03:48]} 29. Be2 {[%emt 0:01:07]} h5 {[%emt 0:00:25]} 30. Kg2 {[%emt 0:02:36]} Ng4 {[%emt 0:01:44]} 31. Bxg4 {[%emt 0:00:07]} Qxg4 {[%emt 0:00:05]} 32. Rd8+ {[%emt 0:01:35]} Kg7 {[%emt 0:00:08]} 33. b3 {[%emt 0:00:14]} Qf3+ {[%emt 0:00:59]} 34. Kg1 {[%emt 0:00:18]} Qf6 {[%emt 0:00:42]} 35. R8d5 {[%emt 0:01:32]} Rxd5 {[%emt 0:01:43]} 36. Rxd5 {[%emt 0:00:03]} a4 {[%emt 0:01:14]} 37. Rd2 {[%emt 0:02:19]} axb3 {[%emt 0:01:19]} 38. Qb2 {[%emt 0:00:09]} Qxb2 {[%emt 0:00:37]} 39. Rxb2 {[%emt 0:00:04]} Kf6 {[%emt 0:00:04]} 0-1

[Event "79th UKR-ch Women 2019"]
[Site "Lutsk"]
[Date "2019.12.18"]
[Round "8.2"]
[White "Babiy, Olga"]
[Black "Zhukova, Natalia"]
[Result "0-1"]
[WhiteElo "2258"]
[BlackElo "2324"]
[Annotator "NA"]
[PlyCount "124"]
[EventDate "2019.12.10"]
[EventType "tourn"]
[EventCountry "UKR"]
[SourceTitle "playchess.com"]
[Source "ChessBase"]
[SourceQuality "1"]
[TimeControl "40/5400+30:1800+30"]

1. e4 {[%emt 0:00:00]} e5 {[%emt 0:00:00]} 2. Nf3 {[%emt 0:00:00]} Nc6 {[%emt 0:00:00]} 3. Bb5 {[%emt 0:00:00]} a6 {[%emt 0:00:00]} 4. Ba4 {[%emt 0:00:00]} Nf6 {[%emt 0:00:14]} 5. O-O {[%emt 0:00:00]} b5 {[%emt 0:00:37]} 6. Bb3 {[%emt 0:00:02]} Bc5 {[%emt 0:00:05]} 7. c3 {[%emt 0:05:12]} d6 {[%emt 0:00:30]} 8. d4 {[%emt 0:00:41]} Bb6 {[%emt 0:00:07]} 9. Bg5 {[%emt 0:02:02]} h6 {[%emt 0:06:21]} 10. Bxf6 {[%emt 0:00:22]} Qxf6 {[%emt 0:00:20]} 11. Bd5 {[%emt 0:00:08]} Bd7 $1 {[%emt 0:08:26]} 12. a4 {[%emt 0:02:20]} Rb8 {[%emt 0:02:42]} 13. axb5 {[%emt 0:08:43]} axb5 {[%emt 0:00:18]} 14. Na3 {[%emt 0:14:44]} Ne7 {[%emt 0:07:37]} 15. Nc2 {[%emt 0:24:50]} Ng6 {[%emt 0:21:58]} 16. Ne3 {[%emt 0:07:28]} Nf4 {[%emt 0:05:56]} 17. g3 $11 {[%emt 0:01:13]} Nh3+ {[%emt 0:04:07]} 18. Kg2 {[%emt 0:04:25]} Ng5 {[%emt 0:01:41]} 19. Nxg5 {[%emt 0:01:24]} hxg5 {[%emt 0:00:57]} 20. Ng4 {[%emt 0:00:10]} Qg6 {[%emt 0:02:34]} 21. f3 {[%emt 0:04:06]} c6 {[%emt 0:06:40]} 22. Bb3 {[%emt 0:01:20]} Bxg4 {[%emt 0:05:37]} 23. fxg4 {[%emt 0:00:05]} Qxe4+ {[%emt 0:00:05]} 24. Qf3 {[%emt 0:00:08]} Qxf3+ {[%emt 0:00:12]} 25. Rxf3 {[%emt 0:00:05]} f6 {[%emt 0:02:14]} 26. dxe5 {[%emt 0:00:11]} dxe5 {[%emt 0:00:21]} 27. Bc2 {[%emt 0:02:03]} Ke7 {[%emt 0:03:28]} 28. Rd1 {[%emt 0:08:46]} Rhd8 {[%emt 0:00:43]} 29. Rff1 {[%emt 0:00:10]} b4 {[%emt 0:01:27]} 30. Be4 {[%emt 0:00:47]} bxc3 {[%emt 0:10:58]} 31. bxc3 {[%emt 0:00:09]} Ba5 {[%emt 0:00:05]} 32. Rxd8 {[%emt 0:01:18]} Rxd8 {[%emt 0:00:33]} 33. Bxc6 {[%emt 0:00:31]} Bxc3 {[%emt 0:00:20]} 34. Be4 {[%emt 0:02:26]} Rb8 {[%emt 0:07:43]} 35. Rb1 {[%emt 0:01:28]} Bb2 {[%emt 0:00:25]} 36. Rd1 {[%emt 0:02:59]} Bd4 {[%emt 0:00:24]} 37. Rb1 {[%emt 0:00:07]} Bb2 {[%emt 0:00:15]} 38. Rd1 {[%emt 0:00:04]} Rb4 {[%emt 0:00:53]} 39. Kf3 {[%emt 0:00:44]} Bd4 {[%emt 0:00:44]} 40. Rb1 {[%emt 0:00:00]} Ra4 {[%emt 0:00:00]} 41. Bd5 {[%emt 0:11:51]} Kd6 {[%emt 0:04:45]} 42. Bb3 {[%emt 0:00:48]} Ra7 {[%emt 0:02:51]} 43. h4 {[%emt 0:13:17]} gxh4 {[%emt 0:15:42]} 44. gxh4 {[%emt 0:00:16]} Rc7 {[%emt 0:00:02]} 45. h5 {[%emt 0:02:59]} Rc3+ {[%emt 0:01:05]} 46. Ke4 {[%emt 0:00:34]} g6 {[%emt 0:01:38]} 47. hxg6 {[%emt 0:01:03]} Re3+ {[%emt 0:00:04]} 48. Kf5 {[%emt 0:00:04]} Rf3+ {[%emt 0:00:04]} 49. Ke4 {[%emt 0:00:04]} Re3+ {[%emt 0:00:10]} 50. Kf5 {[%emt 0:00:04]} Rf3+ {[%emt 0:00:03]} 51. Ke4 {[%emt 0:00:11]} Rf4+ {[%emt 0:00:39]} 52. Kd3 {[%emt 0:00:30]} Rxg4 {[%emt 0:00:02]} 53. Bf7 {[%emt 0:00:25]} f5 {[%emt 0:00:25]} 54. Rf1 {[%emt 0:02:37]} Rg3+ {[%emt 0:02:48]} 55. Ke2 {[%emt 0:00:25]} f4 {[%emt 0:01:22]} 56. Rf3 {[%emt 0:00:27]} Rg1 {[%emt 0:02:15]} 57. Kd3 {[%emt 0:01:46]} Ke7 {[%emt 0:00:06]} 58. Ke4 {[%emt 0:01:06]} Kf6 {[%emt 0:00:01]} 59. Rh3 {[%emt 0:03:00]} Re1+ {[%emt 0:00:04]} 60. Kd3 {[%emt 0:01:07]} Bc5 {[%emt 0:05:09]} 61. Rh4 {[%emt 0:01:39]} f3 {[%emt 0:00:41]} 62. Bc4 {[%emt 0:03:32]} f2 {[%emt 0:00:16] Kd4} 0-1

[Event "79th UKR-ch Women 2019"]
[Site "Lutsk"]
[Date "2019.12.18"]
[Round "8.3"]
[White "Rakhmangulova, Anastasiya"]
[Black "Dolzhykova, Kateryna"]
[Result "1/2-1/2"]
[WhiteElo "2215"]
[BlackElo "2164"]
[Annotator "TA"]
[PlyCount "34"]
[EventDate "2019.12.10"]
[EventType "tourn"]
[EventCountry "UKR"]
[SourceTitle "playchess.com"]
[Source "ChessBase"]
[SourceQuality "1"]

{[%evp 15,34,-8,10,-33,47,0,0,-38,-15,-17,-20,0,-11,-47,-3,-6,-5,-5,-5,0,0]} 1. e4 d6 2. d4 Nf6 3. Nc3 e5 4. dxe5 dxe5 5. Qxd8+ Kxd8 6. Bg5 Be6 7. O-O-O+ Nbd7 8. Nf3 Kc8 9. a3 {B07: Pirc Defence: Miscellaneous Systems} (9. Bh4 h6 10. Bxf6 gxf6 11. Nh4 c6 12. Kb1 Kc7 13. Ne2 Bc5 14. f3 Nf8 15. Ng3 Ng6 16. Ngf5 Rad8 17. Rxd8 Rxd8 {0-1 (29) Babarykin,S (2411)-Savchenko,B (2562) Moscow 2019}) 9... c6 (9... Bc5 $15) 10. h3 Kc7 11. Nd2 h6 12. Be3 Bc5 13. Bxc5 Nxc5 14. Bc4 Bxc4 $146 ({Predecessor:} 14... Rhe8 15. Bxe6 Rxe6 16. b4 Ncd7 {½-½ (53) Coward,N (1831)-Pride,S (1655) Coventry 2015}) 15. Nxc4 {The position is equal.} Rae8 16. f3 b5 17. Ne3 Ne6 1/2-1/2

[Event "79th UKR-ch Women 2019"]
[Site "Lutsk"]
[Date "2019.12.18"]
[Round "8.4"]
[White "Osmak, Iulija"]
[Black "Hrebenshchykova, Yelyzaveta"]
[Result "1/2-1/2"]
[WhiteElo "2388"]
[BlackElo "2029"]
[Annotator "NA"]
[PlyCount "70"]
[EventDate "2019.12.10"]
[EventType "tourn"]
[EventCountry "UKR"]
[SourceTitle "playchess.com"]
[Source "ChessBase"]
[SourceQuality "1"]
[TimeControl "40/5400+30:1800+30"]

1. d4 {[%emt 0:00:32]} Nf6 {[%emt 0:00:00]} 2. c4 {[%emt 0:00:05]} g6 {[%emt 0:00:00]} 3. Nc3 {[%emt 0:00:05]} Bg7 {[%emt 0:00:00]} 4. e4 {[%emt 0:00:04]} d6 {[%emt 0:00:00]} 5. Be2 {[%emt 0:00:11]} O-O {[%emt 0:00:06]} 6. Be3 {[%emt 0:00:02]} e5 {[%emt 0:01:11]} 7. d5 {[%emt 0:00:33]} Ne8 {[%emt 0:01:13]} 8. g4 {[%emt 0:08:23]} f5 {[%emt 0:02:36]} 9. gxf5 {[%emt 0:00:48]} gxf5 {[%emt 0:00:06]} 10. exf5 {[%emt 0:00:03]} Bxf5 {[%emt 0:00:13]} 11. Nf3 {[%emt 0:02:56]} Na6 {[%emt 0:19:31]} 12. Ng5 {[%emt 0:08:10]} Nc5 {[%emt 0:08:25]} 13. Rg1 {[%emt 0:08:50]} Kh8 {[%emt 0:10:15]} 14. Qd2 {[%emt 0:15:01]} Nf6 $16 {[%emt 0:15:19]} 15. O-O-O {[%emt 0:15:25]} Qe7 {[%emt 0:05:36]} 16. Rg3 {[%emt 0:05:19]} Rg8 {[%emt 0:03:52]} 17. Bxc5 {[%emt 0:05:40]} dxc5 {[%emt 0:00:07]} 18. d6 {[%emt 0:00:08]} cxd6 {[%emt 0:01:32]} 19. Qxd6 {[%emt 0:00:17]} Rge8 {[%emt 0:04:22]} 20. Nd5 {[%emt 0:09:55]} Nxd5 {[%emt 0:01:42]} 21. Rxd5 {[%emt 0:00:05]} Bg6 {[%emt 0:12:41]} 22. Qxe7 {[%emt 0:02:49]} Rxe7 {[%emt 0:00:04]} 23. Rxc5 {[%emt 0:00:04]} e4 {[%emt 0:01:51]} 24. Rg2 {[%emt 0:07:44]} Rd8 {[%emt 0:01:12]} 25. h4 {[%emt 0:01:20]} h6 {[%emt 0:06:30]} 26. h5 {[%emt 0:00:50]} Bxh5 {[%emt 0:01:23]} 27. Bxh5 {[%emt 0:00:36]} hxg5 {[%emt 0:00:02]} 28. Bg4 {[%emt 0:01:47]} Be5 {[%emt 0:00:15]} 29. Rd5 {[%emt 0:01:51]} Rf8 {[%emt 0:02:18]} 30. Kc2 {[%emt 0:02:53]} Kg7 {[%emt 0:00:45]} 31. b3 {[%emt 0:01:57]} Rh8 {[%emt 0:01:27]} 32. Bf5 {[%emt 0:00:49]} Bf4 {[%emt 0:00:29]} 33. Rd4 {[%emt 0:00:15]} e3 {[%emt 0:00:54]} 34. fxe3 {[%emt 0:01:01]} Bxe3 {[%emt 0:00:07]} 35. Re4 {[%emt 0:00:17]} Rxe4 {[%emt 0:00:11]} 1/2-1/2

[Event "79th UKR-ch Women 2019"]
[Site "Lutsk"]
[Date "2019.12.18"]
[Round "8.5"]
[White "Berdnyk, Mariia"]
[Black "Martynkova, Olena"]
[Result "1/2-1/2"]
[WhiteElo "2319"]
[BlackElo "2243"]
[Annotator "NA"]
[PlyCount "47"]
[EventDate "2019.12.10"]
[EventType "tourn"]
[EventCountry "UKR"]
[SourceTitle "playchess.com"]
[Source "ChessBase"]
[SourceQuality "1"]
[TimeControl "40/5400+30:1800+30"]

1. d4 {[%emt 0:00:00]} d5 {[%emt 0:00:00]} 2. c4 {[%emt 0:00:00]} c6 {[%emt 0:00:09]} 3. Nf3 {[%emt 0:00:00]} Nf6 {[%emt 0:00:24]} 4. Qc2 {[%emt 0:00:00]} e6 {[%emt 0:01:45]} 5. g3 {[%emt 0:00:00]} Nbd7 {[%emt 0:00:55]} 6. Bg2 {[%emt 0:00:04]} Bd6 {[%emt 0:01:00]} 7. O-O {[%emt 0:00:07]} O-O {[%emt 0:01:04]} 8. Rd1 {[%emt 0:00:05]} Re8 {[%emt 0:02:56]} 9. Nc3 {[%emt 0:01:41]} Qe7 {[%emt 0:07:56]} 10. b3 {[%emt 0:14:14]} a6 {[%emt 0:21:49]} 11. e4 {[%emt 0:04:54]} (11. Bb2 $16) 11... Nxe4 {[%emt 0:02:45]} 12. Nxe4 {[%emt 0:00:05]} dxe4 {[%emt 0:00:04]} 13. Qxe4 {[%emt 0:00:04]} e5 {[%emt 0:05:49]} 14. dxe5 {[%emt 0:01:20]} Nxe5 {[%emt 0:02:12]} 15. Bb2 {[%emt 0:10:30]} Bg4 {[%emt 0:10:37]} 16. Bxe5 {[%emt 0:11:10]} Bxf3 $1 {[%emt 0:00:41]} 17. Qxf3 {[%emt 0:02:22]} Bxe5 {[%emt 0:02:48]} 18. Rac1 $11 {[%emt 0:02:17]} Rad8 {[%emt 0:01:36]} 19. Qe3 {[%emt 0:03:45]} Bf6 {[%emt 0:04:39]} 20. Qxe7 {[%emt 0:07:33]} Bxe7 {[%emt 0:00:23]} 21. Bf3 {[%emt 0:01:04]} a5 {[%emt 0:03:20]} 22. Kf1 {[%emt 0:01:57]} Kf8 {[%emt 0:01:23]} 23. Bg4 {[%emt 0:02:12]} Bc5 {[%emt 0:08:12]} 24. Bd7 {[%emt 0:08:11]} 1/2-1/2

[Event "79th UKR-ch Women 2019"]
[Site "Lutsk"]
[Date "2019.12.19"]
[Round "9.1"]
[White "Martynkova, Olena"]
[Black "Tsirulnik, Maritsa"]
[Result "1/2-1/2"]
[WhiteElo "2243"]
[BlackElo "2119"]
[Annotator "ChessBase"]
[PlyCount "108"]
[EventDate "2019.12.10"]
[EventType "tourn"]
[EventCountry "UKR"]
[SourceTitle "playchess.com"]
[Source "ChessBase"]
[SourceQuality "1"]
[TimeControl "40/5400+30:1800+30"]

1. d4 {[%emt 0:00:00]} Nf6 {[%emt 0:00:00]} 2. c4 {[%emt 0:00:00]} e6 {[%emt 0:00:00]} 3. Nf3 {[%emt 0:00:26]} b6 {[%emt 0:00:00]} 4. g3 {[%emt 0:00:44]} Ba6 {[%emt 0:00:05]} 5. b3 {[%emt 0:01:42]} Bb4+ {[%emt 0:00:19]} 6. Bd2 {[%emt 0:00:41]} Be7 {[%emt 0:00:08]} 7. Nc3 {[%emt 0:03:01]} d5 {[%emt 0:00:24]} 8. cxd5 {[%emt 0:09:23]} exd5 {[%emt 0:00:08]} 9. Bg2 {[%emt 0:00:23]} O-O {[%emt 0:00:26]} 10. O-O {[%emt 0:02:24]} Bb7 {[%emt 0:04:33]} 11. Rc1 {[%emt 0:08:03]} Ne4 {[%emt 0:13:42]} 12. Bf4 {[%emt 0:05:05]} Nxc3 {[%emt 0:08:29]} 13. Rxc3 {[%emt 0:00:22]} Na6 {[%emt 0:00:36]} 14. h4 {[%emt 0:08:17]} c5 {[%emt 0:02:41]} 15. Qb1 {[%emt 0:14:58]} Bf6 {[%emt 0:02:40]} 16. Rd1 {[%emt 0:03:06]} Rc8 {[%emt 0:07:49]} 17. Bh3 {[%emt 0:06:22]} Ra8 {[%emt 0:00:26]} 18. h5 {[%emt 0:07:29]} Re8 {[%emt 0:04:40]} 19. Bf5 {[%emt 0:02:43]} h6 {[%emt 0:03:26]} 20. e3 {[%emt 0:05:54]} Nc7 {[%emt 0:04:02]} 21. Rcc1 {[%emt 0:06:21]} Ne6 {[%emt 0:00:39]} 22. Bxe6 {[%emt 0:01:41]} Rxe6 {[%emt 0:00:48]} 23. dxc5 {[%emt 0:01:54]} bxc5 {[%emt 0:03:38]} 24. Rxc5 {[%emt 0:00:55]} Rc8 {[%emt 0:05:01]} 25. b4 {[%emt 0:00:50]} Rb6 {[%emt 0:01:04]} 26. Rxc8 {[%emt 0:03:32]} Qxc8 {[%emt 0:00:07]} 27. Nd4 {[%emt 0:01:42]} Bxd4 {[%emt 0:09:49]} 28. exd4 {[%emt 0:00:37]} Qg4 {[%emt 0:01:30]} 29. Rc1 {[%emt 0:03:41]} Bc8 {[%emt 0:04:44]} 30. f3 {[%emt 0:01:16]} Qh3 {[%emt 0:00:52]} 31. Qc2 {[%emt 0:01:23]} Bf5 {[%emt 0:00:24]} 32. Qd2 {[%emt 0:00:32]} Re6 {[%emt 0:02:22]} 33. Qh2 {[%emt 0:00:29]} Qxh2+ {[%emt 0:00:57]} 34. Kxh2 {[%emt 0:00:02]} Re2+ {[%emt 0:00:07]} 35. Kg1 {[%emt 0:00:46]} Rxa2 {[%emt 0:01:54]} 36. g4 {[%emt 0:00:35]} Bd3 {[%emt 0:01:22]} 37. Rc5 {[%emt 0:00:34]} Be2 {[%emt 0:02:18]} 38. Kf2 {[%emt 0:00:34]} Bd1+ {[%emt 0:00:43]} 39. Kg3 {[%emt 0:00:32]} Ra3 {[%emt 0:00:17]} 40. Rc8+ {[%emt 0:00:00]} Kh7 {[%emt 0:00:00]} 41. Bd6 {[%emt 0:10:05]} Rxf3+ {[%emt 0:00:56]} 42. Kg2 {[%emt 0:05:50]} Rd3 {[%emt 0:03:53]} 43. Bc5 {[%emt 0:01:45]} Bxg4 {[%emt 0:00:18]} 44. Rc7 {[%emt 0:00:11]} Bxh5 {[%emt 0:00:34]} 45. Rxa7 {[%emt 0:02:40]} Rb3 {[%emt 0:08:12]} 46. Rb7 {[%emt 0:00:25]} Kg6 {[%emt 0:09:53]} 47. b5 {[%emt 0:01:34]} Kf5 {[%emt 0:16:01]} 48. b6 {[%emt 0:00:56]} Kf4 {[%emt 0:01:09]} 49. Re7 {[%emt 0:03:34]} Bf3+ {[%emt 0:01:35]} 50. Kg1 {[%emt 0:04:32]} Rb1+ {[%emt 0:01:52]} 51. Kf2 {[%emt 0:00:05]} Rb2+ {[%emt 0:00:05]} 52. Kg1 {[%emt 0:00:40]} Rb1+ {[%emt 0:06:24]} 53. Kf2 {[%emt 0:00:06]} Rb2+ {[%emt 0:00:09]} 54. Kg1 {[%emt 0:00:46]} Rb1+ {[%emt 0:01:29]} 1/2-1/2